Quiz: Wann war denn das? - Statistiken

Allgemein
  • Dieses Quiz wurde 73 mal gespielt
  • Das Durchschnittsergebnis liegt bei 9 aus 10
Antwortstatistiken
Ereignisse Jahr % Korrekt
Das Alter der Volljährigkeit wird in DE von 21 auf 18 gesenkt. DE führt das Flensburger Punktesystem für den Verkehr ein. Willy Brandt tritt als Bundeskanzler zurück. Deutschland wird Fußball-Weltmeister. 1974
97%
Der Bau der Erdgas-Pipeline Nord Stream beginnt. Die WHO erklärt die Schweinegrippe-Pandemie offiziell für beendet. Bei der Loveparade in Duisburg sterben 21 Menschen. Die Fußball-WM in Südafrika findet statt. 2010
97%
Der FC Bayern wird Deutscher Meister im Herrenfußball. Die Republikaner ziehen ins Europaparlament ein. Der Privatsender Prosieben beginnt den Sendebetrieb. Die Berliner Mauer wird geöffnet. 1989
95%
Kaiserslautern steigt in die Bundesliga auf. Der Buntspecht wird Vogel des Jahres. Harry Potter und der Stein der Weisen erscheint im Vereinigten Königreich. Prinzessin Diana stirbt bei einem Verkehrsunfall. 1997
94%
Der Jungfernflug des Airbus A380 findet statt. Die Relativitätstheorie besteht seit 100 Jahren. Die Schlagzeile "Wir sind Papst!" erblickt das Licht der Welt. Angela Merkel wird Kanzlerkandidatin der Union. 2005
92%
Die Sendung "Aktenzeichen XY" feiert 50. Geburtstag. Michael van Gerwen gewinnt die Darts-WM. Die Elbphilharmonie in Hamburg wird eröffnet. Jürgen Klopp wird 50 Jahre alt. 2017
92%
Recep Tayyip Erdoğan wird Ministerpräsident in der Türkei. Die Bahncard 50 wird eingeführt. Die WHO stuft SARS als weltweite Bedrohung ein. Jamal Musiala wird geboren. 2003
91%
Der Satansröhrling wird der Pilz des Jahres. Gegen US-Präsident Bill Clinton wird ein Amtsenthebungsverfahren eingeleitet. "Wer wird Millionär?" feiert Premiere bei RTL. Der FC Bayern verliert das Champions League Finale. 1999
89%
WikiLeaks wird ins Leben gerufen. Der Bau des BER beginnt. Lothar Matthäus wird 45 Jahre alt. Joachim Löw wird Bundestrainer. 2006
89%
Jupp Heynckes ist Trainer des FC Bayern. Die DSGVO wird eingeführt. Prinz Harry heiratet Meghan Markle. Die CSU verliert die absolute Mehrheit im Bayerischen Landtag. 2018
89%
Keine übereinstimmenden Quizze gefunden
Verteilung der Resultate
Anzahl Personen mit jedem Resultat
Perzentil nach korrekt beantworteten Fragen
Ihre Resultats-Entwicklung
Sie haben dieses Quiz noch nicht gespielt